[Event "Zhukovsky Naukograd Rating-A"]
[Site "Zhukovsky"]
[Date "2007.??.??"]
[Round "9"]
[White "Rybakov, Sergey1111"]
[Black "Petukhov, Rodion"]
[Result "1-0"]
[WhiteElo "2123"]
[BlackElo "2269"]
[PlyCount "97"]
[EventDate "2007.04.01"]
[EventType "tourn"]
[EventRounds "11"]
[EventCountry "RUS"]
[SourceTitle "EXT 2022"]
[Source "ChessBase"]
[SourceDate "2021.10.06"]
[SourceVersion "1"]
[SourceVersionDate "2021.10.06"]
[SourceQuality "1"]

1. e4 e5 2. Nc3 Nf6 3. f4 d6 4. Nf3 exf4 5. d4 g6 6. Bxf4 c6 7. Qd2 Bg7 8. Bd3 0-0 9. 0-0-0 Be6 10. h3 Qa5 11. Bxd6 Rd8 12. e5 Ne8 13. Ba3 b5 14. Ne4 Qb6 15. Bc5 Qb7 16. Qa5 Na6 17. Nd6 Nxd6 18. Bxd6 Bf8 19. Bxf8 Kxf8 20. Rhf1 Kg7 21. Be2 Nc7 22. Ng5 Bd5 23. Bf3 Bc4 24. Rf2 Ne6 25. Nxe6+ Bxe6 26. Qc3 Rac8 27. Bg4 Bd5 28. Bxc8 Qxc8 29. Qc5 Qc7 30. a3 a5 31. g4 Be6 32. Rd3 Rd5 33. Qc3 Qb6 34. Qd2 Qd8 35. Qf4 Qb6 36. h4 a4 37. h5 Qd8 38. hxg6 fxg6 39. c3 c5 40. Rh3 Bg8 41. Qf6+ Qxf6 42. exf6+ Kf7 43. dxc5 Rxc5 44. Re3 Rc7 45. Re5 Rb7 46. g5 Kf8 47. Rfe2 Bf7 48. Re7 Rb8 49. Rd2 1-0

[Event "Moscow Region-ch op"]
[Site "Serpukhov"]
[Date "2004.09.01"]
[Round "9"]
[White "Petukhov, Rodion"]
[Black "Pospelov, Sergey Lvovich"]
[Result "1/2-1/2"]
[WhiteElo "2149"]
[BlackElo "2088"]
[PlyCount "53"]
[EventDate "2004.08.26"]
[EventType "swiss"]
[EventRounds "12"]
[EventCountry "RUS"]
[SourceTitle "EXT 2006"]
[Source "ChessBase"]
[SourceDate "2005.11.24"]
[SourceVersion "1"]
[SourceVersionDate "2005.11.24"]
[SourceQuality "1"]

1. d4 Nf6 2. c4 e6 3. Nf3 b6 4. Bf4 Bb7 5. e3 d5 6. Nc3 Bd6 7. Bg5 Nbd7 8. cxd5 exd5 9. Be2 h6 10. Bh4 g5 11. Bg3 Ne4 12. Nxe4 dxe4 13. Nd2 Nf6 14. Rc1 h5 15. Qa4+ Kf8 16. Bxd6+ cxd6 17. h4 gxh4 18. Rxh4 Ng4 19. g3 Nf6 20. Qb5 d5 21. Rc3 Bc8 22. Kf1 Bg4 23. Bxg4 Nxg4 24. Qc6 Kg7 25. Kg2 Qf6 26. Qxf6+ Nxf6 27. Rh1 1/2-1/2